000
00296nam a22001337a 4500
003
SGT
020
_a
9780367778156
082
_a
363.25
_b
COO
100
_a
COOPER JOHN E
245
_a
WILDLIFE FORENSIC INVESTIGATION
260
_a
LONDON
_b
CRC PRESS
_c
2020
300
_a
742
942
_2
ddc
_c
BK
999
_c
34726
_d
34726